Losowe azjatyckie miasto do państwa - Statystyki

Ogólne statystyki
  • Ten quiz został rozwiązany 10 razy
  • Średni wynik to 13 z 20
Statystyki odpowiedzi
Miasto Państwo % Poprawnych
Ad-Dammam Arabia Saudyjska
100%
Dżedda Arabia Saudyjska
100%
Erywań Armenia
100%
Manama Bahrajn
100%
Dhaka Bangladesz
100%
Nanjing Chiny
100%
Wuhan Chiny
100%
Xi'an Chiny
100%
Tbilisi Gruzja
100%
Bhopal Indie
100%
Mumbaj Indie
100%
Dżakarta Indonezja
100%
Teheran Iran
100%
Jerozolima Izrael
100%
Tel Awiw Izrael
100%
Hajfa Izrael
100%
Kobe Japonia
100%
Niigata Japonia
100%
Sapporo Japonia
100%
Tokio Japonia
100%
Sana Jemen
100%
Amman Jordania
100%
Phnom Penh Kambodża
100%
Siem Reap Kambodża
100%
Astana Kazachstan
100%
Biszkek Kirgistan
100%
Pjongjang Korea Północna
100%
Seul Korea Południowa
100%
Wientian Laos
100%
Bejrut Liban
100%
Male Malediwy
100%
Kuala Lumpur Malezja
100%
Naypyidaw Mjanma
100%
Katmandu Nepal
100%
Maskat Oman
100%
Karaczi Pakistan
100%
Lahaur Pakistan
100%
Irkuck Rosja
100%
Krasnojarsk Rosja
100%
Nowosybirsk Rosja
100%
Omsk Rosja
100%
Aleppo Syria
100%
Damaszek Syria
100%
Duszanbe Tadżykistan
100%
Pattaya Tajlandia
100%
Bangkok Tajlandia
100%
Taizhong Tajwan
100%
Ankara Turcja
100%
Antalya Turcja
100%
Aszchabad Turkmenistan
100%
Taszkent Uzbekistan
100%
Da Nang Wietnam
100%
Hanoi Wietnam
100%
Ho Chi Minh Wietnam
100%
Isfahan Iran
80%
Kutaisi Gruzja
67%
Faludża Irak
67%
Fukuoka Japonia
67%
Bursa Turcja
67%
Harbin Chiny
50%
Larnaka Cypr
50%
Davao Filipiny
50%
General Santos Filipiny
50%
Cebu Filipiny
50%
Ahmadabad Indie
50%
Basra Irak
50%
Tebriz Iran
50%
Ałmaty Kazachstan
50%
Busan Korea Południowa
50%
Johor Bahru Malezja
50%
Mandalaj Mjanma
50%
Fajsalabad Pakistan
50%
Chiang Mai Tajlandia
50%
Kaohsiung Tajwan
50%
Ćottogram Bangladesz
40%
Denpasar Indonezja
33%
Al-Dżahra Kuwejt
33%
Rangun Mjanma
33%
Adana Turcja
33%
Konya Turcja
33%
Khulna Bangladesz
25%
Battambang Kambodża
25%
Herat Afganistan
0%
Kabul Afganistan
0%
Kandahar Afganistan
0%
Mekka Arabia Saudyjska
0%
Medyna Arabia Saudyjska
0%
Giumri Armenia
0%
Baku Azerbejdżan
0%
Ganja Azerbejdżan
0%
Mingeczaur Azerbejdżan
0%
Koks Badźar Bangladesz
0%
Thimphu Bhutan
0%
Bandar Seri Begawan Brunei
0%
Chengdu Chiny
0%
Hefei Chiny
0%
Lhasa Chiny
0%
Szanghaj Chiny
0%
Nikozja Cypr
0%
Manila Filipiny
0%
Ćennaj Indie
0%
Indore Indie
0%
Patna Indie
0%
Pune Indie
0%
Bekasi Indonezja
0%
Surabaja Indonezja
0%
Bagdad Irak
0%
Erbil Irak
0%
Karaj Iran
0%
Sziraz Iran
0%
Sendai Japonia
0%
Aden Jemen
0%
Akaba Jordania
0%
Doha Katar
0%
Hamhung Korea Północna
0%
Daegu Korea Południowa
0%
Gwangju Korea Południowa
0%
Pakxe Laos
0%
Tyre Liban
0%
Klang Malezja
0%
Georgetown Malezja
0%
Pakistan
0%
Władywostok Rosja
0%
Kolombo Sri Lanka
0%
Kaduwela Sri Lanka
0%
Homs Syria
0%
Nonthaburi Tajlandia
0%
Dili Timor Wschodni
0%
Izmir Turcja
0%
Mary Turkmenistan
0%
Szardża Zjednoczone Emiraty Arabskie
0%
Dubaj Zjednoczone Emiraty Arabskie
0%
Nie znaleziono quizów pasujących do podanych kryteriów
Rozkład punktacji
Procent ludzi z każdym wynikiem
Percentyl według liczby udzielonych odpowiedzi
Twoja historia wyników
Nie rozwiązałeś tego quizu